| 000 -LEADER |
| fixed length control field |
01545cam a2200337 a 4500 |
| 001 - CONTROL NUMBER |
| control field |
13447448 |
| 003 - CONTROL NUMBER IDENTIFIER |
| control field |
OSt |
| 005 - DATE AND TIME OF LATEST TRANSACTION |
| control field |
20170207115318.0 |
| 008 - FIXED-LENGTH DATA ELEMENTS--GENERAL INFORMATION |
| fixed length control field |
031231s2003 fi a b 000 0 eng d |
| 010 ## - LIBRARY OF CONGRESS CONTROL NUMBER |
| LC control number |
2003509266 |
| 020 ## - INTERNATIONAL STANDARD BOOK NUMBER |
| International Standard Book Number |
9517465424 |
| 035 ## - SYSTEM CONTROL NUMBER |
| System control number |
(DLC)13447448 |
| 040 ## - CATALOGING SOURCE |
| Original cataloging agency |
CU |
| Transcribing agency |
CU |
| Modifying agency |
DLC |
| 042 ## - AUTHENTICATION CODE |
| Authentication code |
lccopycat |
| 050 00 - LIBRARY OF CONGRESS CALL NUMBER |
| Classification number |
NA1455.F5 |
| Item number |
C44 2003 |
| 100 1# - MAIN ENTRY--PERSONAL NAME |
| Personal name |
Čeferin, Petra. |
| 245 10 - TITLE STATEMENT |
| Title |
Constructing a legend : |
| Remainder of title |
the international exhibitions of Finnish architecture, 1957-1967 / |
| Statement of responsibility, etc. |
Petra Čeferin. |
| 260 ## - PUBLICATION, DISTRIBUTION, ETC. (IMPRINT) |
| Place of publication, distribution, etc. |
Helsinki : |
| Name of publisher, distributor, etc. |
SKS, |
| Date of publication, distribution, etc. |
2003. |
| 300 ## - PHYSICAL DESCRIPTION |
| Extent |
199 p. : |
| Other physical details |
ill. ; |
| Dimensions |
23 cm. |
| 440 #0 - SERIES STATEMENT/ADDED ENTRY--TITLE |
| Title |
Suomalaisen Kirjallisuuden Seuran toimituksia, |
| International Standard Serial Number |
0355-1768 ; |
| Volume/sequential designation |
945 |
| 500 ## - GENERAL NOTE |
| General note |
"Result of five years of doctoral research work conducted, in part, at the Faculty of Architecture, Helsinki University of Technology, and at the Faculty of Architecture, University of Ljubljana"--P. 7. |
| 504 ## - BIBLIOGRAPHY, ETC. NOTE |
| Bibliography, etc |
Includes bibliographical references (p. 181-192). |
| 610 20 - SUBJECT ADDED ENTRY--CORPORATE NAME |
| Corporate name or jurisdiction name as entry element |
Suomen Rakennustaiteen Museo. |
| 650 #0 - SUBJECT ADDED ENTRY--TOPICAL TERM |
| Topical term or geographic name as entry element |
Architecture |
| Geographic subdivision |
Finland |
| General subdivision |
History |
| Chronological subdivision |
20th century. |
| 650 #0 - SUBJECT ADDED ENTRY--TOPICAL TERM |
| Topical term or geographic name as entry element |
Architecture |
| Geographic subdivision |
Finland |
| General subdivision |
History |
| Chronological subdivision |
20th century |
| Form subdivision |
Exhibitions. |
| 906 ## - LOCAL DATA ELEMENT F, LDF (RLIN) |
| a |
7 |
| b |
cbc |
| c |
copycat |
| d |
3 |
| e |
ncip |
| f |
20 |
| g |
y-gencatlg |
| 942 ## - ADDED ENTRY ELEMENTS (KOHA) |
| Source of classification or shelving scheme |
|
| Koha item type |
Hard Covered Materials |
| Classification part |
NA 1455 .F5C44 2003 |